Представление документа в формате RUSMARC

ПолеНазваниеЗначение
  Тип записи a
  Библиографический уровень a
001 Контрольный номер RU/CBS_UL/BASE/83fb7a9e46df482cae47de89f98a67a4
005 Дата корректировки 20260409154018.0
100 Данные общей обработки __
a Данные общей обработки 20260409 ||| 0rusy0189 ca
101 Язык документа 0_
a Язык текста rus
102 Страна публикации __
a Страна публикации RU
200 Заглавие и сведения об ответственности 1_
a Заглавие Выходи на Венец яйца катать!
e Сведения, относящиеся к заглавию [как симбиряне отмечали самый главный праздник церковного года]
f Первые сведения об ответственности О. Злотникова
300 Общие примечания __
a Общие примечания 16+
461 Уровень набора _0
1 2000
a Народная газета
463 Уровень физической единицы _0
1 2000
a № 14 (8 апр.)
v С. 12; 21
1 2101
d 2026
1 001RU/CBS_UL/BASE/861e5c398e864bd5b7f5862f1e3a68fe
606 Тематические рубрики 0_
a Основная рубрика Пасха христианская - Празднование - Симбирская губерния
610 Ключевые слова 0_
a Ключевые слова Пасха (праздники христианские); Пасха (праздники); празднование Пасхи; православные праздники; церковные праздники; история праздников; история празднования Пасхи; пасхальные традиции
686 Индексы других классификаций __
a Классификационный индекс 86.372-52
700 Автор _1
a Фамилия Злотникова
b Имя (инициалы) О.
801 Источник записи _0
a Страна RU
b Организация МБУК ЦБС г. Ульяновска
c Дата составления 20260409
g Правила каталогизации RCR
801 Источник записи _1
a Страна RU
b Организация МБУК ЦБС г. Ульяновска
c Дата составления 20260409
g Правила каталогизации RCR
901 Тип документа __
t Тип документа f
w Контрольный № источника RU/CBS_UL/BASE/861e5c398e864bd5b7f5862f1e3a68fe
909 Создатель записи __
a Создатель записи mbo